10 największyk państw świata - Statystyki

Ogólne statystyki
  • Ten quiz został rozwiązany 23 razy
  • Średni wynik to 9 z 10
Statystyki odpowiedzi
powierzchnia odpowiedź % Poprawnych
17,1 mln km kw. rosja
100%
9,5 mln km kw. stany zjednoczone
100%
8,5 mln km kw. brazylia
95%
9,6 mln km kw. chiny
95%
3,3 mln km kw. indie
90%
10 mln km kw. kanada
90%
2,8 mln km kw. argentyna
81%
7,7 mln km kw. australia
81%
2,7 mln km kw. kazachstan
76%
2,4 mln km kw. algieria
57%
Nie znaleziono quizów pasujących do podanych kryteriów
Rozkład punktacji
Procent ludzi z każdym wynikiem
Percentyl według liczby udzielonych odpowiedzi
Twoja historia wyników
Nie rozwiązałeś tego quizu